| 000 | 00547nam a22001697a 4500 | ||
|---|---|---|---|
| 005 | 20180208152829.0 | ||
| 010 | _aENG-122213 | ||
| 020 |
_a9789352607952 _c275.00 |
||
| 035 | _aEN-105745 | ||
| 037 | _bDBAD/PUB | ||
| 082 | _a621.3192 | ||
| 245 | _aPixel exam guide on circuits and networks | ||
| 260 |
_aChennai _bMcGraw Hill Education (India) _cc2018 |
||
| 270 |
_a444/1, Sri Ekambara Naicker Industrial Estate, Alapakkam,Porur _bChennai _e600116 |
||
| 300 |
_aVarious pagings _b24cm(pbk) |
||
| 942 |
_2ddc _cEN _h621.3192 _mPIX |
||
| 999 |
_c149781 _d149781 |
||